Geografía 2 : el continente americano /

Guardado en:
Autor Principal: García, Carolina
Otros Autores: Alvarez Insúa, Julián, Sgubin, Nadina, Cattáneo, Juan José, Carbajales, Marcela
Formato: Libro
Publicado: San isidro : Puerto de Palos, 2008
Series:Logonautas
Materias:
Etiquetas: Agregar Etiqueta
Sin Etiquetas, Sea el primero en etiquetar este registro!
LEADER 01619nam a22003015a 4500
001 CEM.cems017567
008 130507s2008##################000#0#####d
005 20211028122200.0
003 CEMS
245 1 0 |a Geografía 2 :  |b el continente americano /  |c Carolina García ... [et Al.] 
260 |a San isidro :  |b Puerto de Palos,  |c 2008 
300 |a 208 p. 
490 0 |a Logonautas 
500 |a Para 2do. año Educación Secundaria Básicapara 8vo. Educación General Básicaacompaña al texto cuadernillo de actividades de Marcela Carbajales 
505 0 |a Las concepciones sobre la forma de la tierra -- La cartografía, ayer y hoy -- Las características naturales del continente americano -- La relación sociedad-naturaleza en América latina -- La población latinoamericana -- Organización política y económica de América latina -- Espacios rurales y actividades primarias -- Espacios urbanos y actividades secundarias y terciarias -- Organización política y población en América anglosajona -- Las actividades económicas en América anglosajona -- La integración en América latina -- Recursos estratégicos, estado y sociedad 
020 |a 9789875473065 
100 1 |a García, Carolina 
700 1 |a Alvarez Insúa, Julián 
700 1 |a Sgubin, Nadina 
700 1 |a Cattáneo, Juan José 
700 1 |a Carbajales, Marcela 
082 0 4 |a 918 
653 |a Geografía 
653 |a Geografía américa 
653 |a Geografía-2º esb 
653 |a Geografía-8º egb 
859 |a CEMS  |b BIB. CEMS - Agricultura  |h 918  |i G165  |p A1344.11  |t Ej.1 
859 |a CEMS  |b BIB. CEMS - Agricultura  |h 918  |i G165  |p A3323.21  |t Ej.2